Skipping Christmas / (Registro nro. 30033)
[ vista simple ]
| 000 -LEADER | |
|---|---|
| fixed length control field | 01354nam a22002537a 4500 |
| 003 - CONTROL NUMBER IDENTIFIER | |
| control field | OSt |
| 005 - DATE AND TIME OF LATEST TRANSACTION | |
| control field | 20231214154649.0 |
| 008 - FIXED-LENGTH DATA ELEMENTS--GENERAL INFORMATION | |
| fixed length control field | 230518s2001 |||||||| |||| 00| f eng d |
| 020 ## - INTERNATIONAL STANDARD BOOK NUMBER | |
| International Standard Book Number | 0440242576 |
| 037 ## - SOURCE OF ACQUISITION | |
| Stock number | Donación |
| Source of stock number/acquisition | 01/02/2022 |
| 040 ## - CATALOGING SOURCE | |
| Original cataloging agency | CO-JCMR |
| Language of cataloging | spa |
| Transcribing agency | CO-JMCR |
| Modifying agency | CO-JCMR |
| Description conventions | rda |
| 041 0# - LANGUAGE CODE | |
| Language code of text/sound track or separate title | eng |
| 082 ## - DEWEY DECIMAL CLASSIFICATION NUMBER | |
| Classification number | N |
| Item number | GRIs |
| 100 ## - MAIN ENTRY--PERSONAL NAME | |
| Personal name | Grisham, John |
| Relator term | autor |
| 9 (RLIN) | 52 |
| 130 ## - MAIN ENTRY--UNIFORM TITLE | |
| Uniform title | Una navidad diferente |
| Language of a work | Spa |
| 9 (RLIN) | 43026 |
| 245 10 - TITLE STATEMENT | |
| Title | Skipping Christmas / |
| Statement of responsibility, etc. | John Grisham |
| 260 ## - PUBLICATION, DISTRIBUTION, ETC. | |
| Place of publication, distribution, etc. | New York |
| Name of publisher, distributor, etc. | Random House |
| Date of publication, distribution, etc. | 2001 |
| 300 ## - PHYSICAL DESCRIPTION | |
| Extent | 227 páginas |
| Dimensions | 20 cm |
| 520 ## - SUMMARY, ETC. | |
| Summary, etc. | Imagine a year without Christmas. No crowded malls, no corny office parties, no fruitcakes, no unwanted presents. That's just what Luther and Nora Krank have in mind when they decided that, just this once, they'll skip the holiday altogether. Theirs will be the only house on Hemlock Street without a rooftop Frosty: they won't be hosting their annual Christmas Eve bash; they aren't even going to have a tree. They won't need one, because come December 25 they're setting sail on a Caribbean cruise. But as this weary couple is about to discover, skipping Christmas brings enormous consequences - and isn't half as easy as they'd imagined. |
| 650 ## - SUBJECT ADDED ENTRY--TOPICAL TERM | |
| Topical term or geographic name entry element | Navidad |
| Form subdivision | Novela |
| 9 (RLIN) | 43027 |
| 650 ## - SUBJECT ADDED ENTRY--TOPICAL TERM | |
| 9 (RLIN) | 43028 |
| Topical term or geographic name entry element | Novela |
| Geographic subdivision | Estadounidense |
| 942 ## - ADDED ENTRY ELEMENTS (KOHA) | |
| Source of classification or shelving scheme | Dewey Decimal Classification |
| Koha item type | Books |
| Withdrawn status | Lost status | Source of classification or shelving scheme | Damaged status | Not for loan | Home library | Current library | Shelving location | Date acquired | Source of acquisition | Total Checkouts | Total Renewals | Full call number | Barcode | Date last seen | Date last checked out | Copy number | Price effective from | Koha item type |
|---|---|---|---|---|---|---|---|---|---|---|---|---|---|---|---|---|---|---|
| Dewey Decimal Classification | Biblioteca Pública José María del Castillo y Rada | Biblioteca Pública José María del Castillo y Rada | New Materials Shelf | 05/18/2023 | Donación | 6 | 5 | N GRIs | 201811864 | 02/20/2024 | 01/29/2024 | Ej.1 | 05/18/2023 | Books |